00506nam a2200193 a 4500001001300000003000900013005001700022008004100039020002300080082001500103100002300118245002500141260004400166300000900210500003500219505002000254650001500274700002300289nice12345678IN_TiNIC20260116014405.0121107s2012 kola grp 000 0 eng  a9788185861425c39500a923.2bDAS aDasgupta, Pannalal aRevolutionary Gandhi aKolkata, India bEarthcare Books c2012 a490p aincludes index and biblioraphy2 aEpilogue, Index aGandhi M K1 aDasgupta, Pannalal